The next library leadership : (Record no. 63493)

MARC details
000 -LEADER
fixed length control field 00597nam a22001697a 4500
005 - DATE AND TIME OF LATEST TRANSACTION
control field 20180823141506.0
020 ## - INTERNATIONAL STANDARD BOOK NUMBER
International Standard Book Number 1563089920
Terms of availability 900.00
035 ## - SYSTEM CONTROL NUMBER
System control number B-168493, B-168496
037 ## - SOURCE OF ACQUISITION
Stock number DPL
Source of stock number/acquisition ENG
100 ## - MAIN ENTRY--PERSONAL NAME
Personal name Hernon, Peter
245 ## - TITLE STATEMENT
Title The next library leadership :
Remainder of title Attributes of academic and public library directors /
Statement of responsibility, etc by Peter Hernon, Ronald R. Powell and Arthur P. Young
260 ## - PUBLICATION, DISTRIBUTION, ETC. (IMPRINT)
Place of publication, distribution, etc London
Name of publisher, distributor, etc Libraries Unlimited
Date of publication, distribution, etc 2003
300 ## - PHYSICAL DESCRIPTION
Extent xiii, 192p.
Dimensions 20 cms.
700 ## - ADDED ENTRY--PERSONAL NAME
Personal name Powell, Ronald R.
9 (RLIN) 43063
700 ## - ADDED ENTRY--PERSONAL NAME
Personal name Young, Arthur P.
9 (RLIN) 43064
942 ## - ADDED ENTRY ELEMENTS (KOHA)
Source of classification or shelving scheme Dewey Decimal Classification
Item type English Books
Classification part 025.197092
Call number suffix HER
Holdings
Withdrawn status Lost status Not for loan Collection code Home library Current library Date acquired Cost, normal purchase price Full call number Barcode Cost, replacement price Koha item type Source of acquisition
      Non-fiction Sarojini Nagar Sarojini Nagar 27/02/2012 900.00 025.197092 HER B-168493 900.00 English Books  
      Non-fiction Shahdara Branch Shahdara Branch 23/08/2018 900.00 025.197092 HER B-168496 900.00 English Books BPPD/PUB

© Delhi Public Library
Hit Counter
free hit counter